00675nam a2200241 a 4500001001300000003000900013005001700022008004100039020001000080082001900090100001600109245004100125260004300166300000900209500003500218505001000253650002500263700001600288902000800304942000700312952009900319999001500418nice12345678IN_TiNIC20260116011829.0050524s1977 lona grp 000 0 eng  ac10000a909.04297bSAV aSavory, R M aIntroduction to Islamic Civilisation aLondonbOxford University Press c1977 a204p aincludes index and biblioraphy2 aIndex aCivilization-Islamic1 aSavory, R M bSRS cBK 00104070aHMIbHMId2007-06-05g100.00l0o909.04297 SAVp09368r2007-06-05w2026-01-16yEB c4275d4275